000 00263nam a22001217a 4500
008 170703b xxu||||| |||| 00| 0 eng d
041 _aeng
080 _a811
100 _a22
101 _aGJL
245 _aRELIGION OF THE WORLD
_cVERNON.S
942 _2udc
_cBK
999 _c19829
_d19829